Management of Management (Record no. 229019)
[ view plain ]
| 000 -LEADER | |
|---|---|
| fixed length control field | 00415nam a22001697a 4500 |
| 005 - DATE AND TIME OF LATEST TRANSACTION | |
| control field | 20231025163129.0 |
| 008 - FIXED-LENGTH DATA ELEMENTS--GENERAL INFORMATION | |
| fixed length control field | 231025b ||||| |||| 00| 0 eng d |
| 040 ## - CATALOGING SOURCE | |
| Transcribing agency | AL |
| 041 ## - LANGUAGE CODE | |
| Language code of text/sound track or separate title | eng |
| 082 ## - DEWEY DECIMAL CLASSIFICATION NUMBER | |
| Edition number | 23 |
| Classification number | 658 |
| Item number | LAXM |
| 100 ## - MAIN ENTRY--PERSONAL NAME | |
| Personal name | Laxman R K |
| 100 ## - MAIN ENTRY--PERSONAL NAME | |
| 9 (RLIN) | 139383 |
| 245 ## - TITLE STATEMENT | |
| Title | Management of Management |
| 260 ## - PUBLICATION, DISTRIBUTION, ETC. | |
| Name of publisher, distributor, etc. | Vision Books |
| Date of publication, distribution, etc. | 1988 |
| 650 ## - SUBJECT ADDED ENTRY--TOPICAL TERM | |
| Topical term or geographic name entry element | Management |
| 9 (RLIN) | 139384 |
| 700 ## - ADDED ENTRY--PERSONAL NAME | |
| Personal name | LAXMAN (R K) |
| 9 (RLIN) | 139385 |
| 942 ## - ADDED ENTRY ELEMENTS (KOHA) | |
| Source of classification or shelving scheme | Dewey Decimal Classification |
| Koha item type | Book |
| Withdrawn status | Lost status | Source of classification or shelving scheme | Damaged status | Not for loan | Collection code | Home library | Current library | Date acquired | Cost, normal purchase price | Total Checkouts | Full call number | Barcode | Date last seen | Cost, replacement price | Price effective from | Koha item type |
|---|---|---|---|---|---|---|---|---|---|---|---|---|---|---|---|---|
| Discarded | Dewey Decimal Classification | Management | St Aloysius Library | St Aloysius Library | 09/14/2023 | 20.00 | 658 LAXM | 042730 | 10/25/2023 | 20.00 | 10/25/2023 | Book |